Књижевни ликови #1 - Statistics

General Stats
  • This quiz has been taken 55 times
  • The average score is 12 of 22
Answer Stats
Лик Књига % Correct
Звончица Петар Пан
93%
Гроф Алексије Вронски Ана Карењина
90%
Вито Корлеоне Кум
80%
Родион Романович Раскољников Злочин и казна
76%
Јозеф К. Процес
71%
Џеј Гетсби Велики Гетсби
68%
Санчо Панса Дон Кихот
63%
Ахил Илијада
61%
Фродо Багинс Господар прстенова
61%
Салко Ћоркан На Дрини ћуприја
61%
Квазимодо Богородичина црква у Паризу
56%
Аћим Катић Корени
51%
Ахмед Нурудин Дервиш и смрт
51%
Капетан Немо Двадесет хиљада миља под морем
49%
Капетан Ахаб Моби Дик
44%
Доктор Џон Вотсон Шерлок Холмс серијал
41%
Кристијан Греј Педесет нијанси сиве
37%
Скарлет О'Хара Прохујало са вихором
34%
Жан Валжан Јадници
32%
Елизабет Бенет Гордост и предрасуда
15%
Винстон Смит 1984
12%
Розенкранц и Гилденстерн Хамлет
10%
No matching quizzes found
Score Distribution
Percent of People with Each Score
Percentile by Number Answered
Your Score History
You have not taken this quiz